CAHIERS DU CINEMA, ANNO 20-N.220/221-MAGGIO/GIUGNO 1970 (Record n. 143460)

Dettagli MARC
000 -LEADER
fixed length control field 00821nas a2200253Ia 4500
001 - CONTROL NUMBER
control field R003/39793
003 - CONTROL NUMBER IDENTIFIER
control field IT-RoPAU
008 - FIXED-LENGTH DATA ELEMENTS--GENERAL INFORMATION
fixed length control field 151124c99999999xx |||||||||||| ||und||
040 ## - CATALOGING SOURCE
Original cataloging agency IT-RoPAU
040 ## - CATALOGING SOURCE
Transcribing agency IT-RoPAU
041 ## - LANGUAGE CODE
Language code of text/sound track or separate title FRANCESE
100 ## - MAIN ENTRY--PERSONAL NAME
Personal name Ejchenbaum Boris
Miscellaneous information Codice Aut. SPICS: 6982
210 ## - ABBREVIATED TITLE
Abbreviated title CAHIERS DU CINEMA
222 ## - KEY TITLE
Key title Cahiers Du Cinema
245 ## - TITLE STATEMENT
Title CAHIERS DU CINEMA, ANNO 20-N.220/221-MAGGIO/GIUGNO 1970
Remainder of title Problemes De la Cine'-Stylistique
250 ## - EDITION STATEMENT
Edition statement 1a ed.
260 ## - PUBLICATION, DISTRIBUTION, ETC. (IMPRINT)
Place of publication, distribution, etc. PARIS
Name of publisher, distributor, etc. L'ETOILE
Date of publication, distribution, etc. 1970
300 ## - PHYSICAL DESCRIPTION
Extent 9 p. [70-78]
362 ## - DATES OF PUBLICATION AND/OR SEQUENTIAL DESIGNATION
Dates of publication and/or sequential designation ANNO 020, N.220/221-MAGGIO/GIUGNO 1970
501 ## - WITH NOTE
-- Paulus - SPICS - Società San Paolo EM (non-commercial uses only)
-- Copyright2015
500 ## - GENERAL NOTE
General note Problemi-Della-Cine-Linguistica
650 ## - SUBJECT ADDED ENTRY--TOPICAL TERM
Topical term or geographic name as entry element CINEMA
Form subdivision PUBBLICAZIONE PERIODICA
942 ## - ADDED ENTRY ELEMENTS (KOHA)
Koha item type RIVISTA
Dati di copia
Withdrawn status Lost status Damaged status Not for loan Home library Current library Date acquired Total Checkouts Full call number Date last seen Price effective from Koha item type Public note
    Buone Condizioni Not For Loan SPICS-MEDIATECA SPICS-MEDIATECA 25/11/2015   R003/39793 25/11/2015 25/11/2015 RIVISTA Progr. Ins: 7597 / Copia rara: NO / date import: 25.11.2015 / By Epidotti, Trombetti, Vaglietti
CREDITS: SOCIETA' SAN PAOLO Via A.Severo, 58 - ROMA (RM) & PERIODICI SAN PAOLO SRL Via Giotto, 36 MILANO & CISF Via Giotto, 36 MILANO & EDIZIONI SAN PAOLO SRL,  Piazza Soncino, 5 CINISELLO BALSAMO (MI) -- ITALY